00720 2200253 4500001002100000005001700021008004100038020002200079035002400101040001200125041000800137082001100145090001700156100002500173245009900198250001000297260002400307300003600331504003000367650002100397990001600418990001600434990001600450YOGYA-0113000000157720130126092932.0 ind  a978-979-8421-45-7 0010-011300000001577 aYOPDYOG aInd a808.06 a808.06 Sud M aSUDIGDO SASTROASMORO aMengurai dan merajut disertasi dan tesis bidang kedokteran dan kesehatancSUDIGDO SASTROASMORO aCet.2 aJakartabIDAIc2010 aX, 293 hlmbilusc21 cm (3 eks) aBibliografi: hlm. 281-282 aTeknik penulisan a792-PD/B.12 a791-PD/B.12 a790-PD/B.12